V Leopoldove už pokoj

Podrobná bibliografia
Hlavní autori: Vrzalová, Jana, 1951- (Autor), Duduca, Vladimír (Autor)
Médium: Článok
Jazyk:slovenčina
Predmet:

MARC

LEADER 00000nab a2200000 a 4500
001 vtls000368653
003 SK-MaSNL
005 20260304143303.0
008 111202c1990 xo 0 slo
015 |a SNBRB19rr/mm-uuuuu 
035 |a CL0368775 
040 |a SNKBUCL  |b slo  |c SNKBUCL  |e AACR2 
041 0 |a slo 
044 |a xo  |c SK 
080 |a 343.812(437)  |2 1981 
080 |a 343.811(437)  |2 1981 
080 |a 343.22  |2 1981 
080 |a 323.269.6  |2 1981 
100 1 |a Vrzalová, Jana,  |d 1951-  |4 aut  |9 210070 
245 1 0 |a V Leopoldove už pokoj  |c Jana Časnochová, Vladimír Duduca 
650 0 7 |a väznice  |2 snkbucl  |9 2643 
650 0 7 |a ústavy nápravnovýchovné  |2 snkbucl  |9 961650 
650 0 7 |a ČSSR  |2 snkbucl  |9 335647 
650 0 7 |a väzni  |2 snkbucl  |9 4580 
655 7 |a články z novín a časopisov  |2 snkbucl  |9 267496 
700 1 |a Duduca, Vladimír  |4 aut  |9 1464036 
773 0 |t Pravda  |g Roč. 71, č. 6 (8. 1. 1990), s. 2 
850 |a Slovenská národná knižnica v Martine  |a MTA001 
852 |a SNK  |b KIS3GCP 
958 |a RK 
992 |a RBX 
999 |c 2924742  |d 2926672